00000000nam##2200000za#4500
0019.675336
003CaOODSP
00520210624225218
007cr |||||||||||
008150407|2001||||xxc|||||o    f|0| 0 fre|d
040 |aCaOODSP|bfre
041 |aeng
041 |afre
043 |an-cn---
0861 |aCW66-203/2001-PDF
1101 |aCanada. |bEnvironnement Canada.
24510|aGuide d'identification CITES - esturgeons et spatules |h[ressource électronique]
260 |aOttawa - Ontario : |bEnvironnement Canada |cc2001.
300 |a181p.|bfigures (certaines en couleur), glossaire, ill. (certaines en couleur), cartes (certaines en couleur), tableau
500 |aDonnées de catalogage avant publication (Canada) imprimées dans cette publication.
500 |aLe n° de catalogue (CW66-203/2001) et l’ISBN (0-660-61641-6) de l'édition imprimée bilingue ont été incorrectement copiés dans cette édition électronique.
546 |aTexte en français, anglais et espagnol
590 |a11-07-Supp|b2011-05-17
69107|aBiologie marine|2gcpds
69107|aPoisson|2gcpds
69107|aProduit agro-alimentaire|2gcpds
7760#|tCITES identification guide -- sturgeons and paddlefish |w(CaOODSP)9.662937
791 |tCITES identification guide - sturgeons and paddlefish |eeng|w(CaOODSP)9.675335
85640|ahttp://publications.gc.ca|qPDF|s10.42 Mo|uhttps://publications.gc.ca/collections/collection_2011/ec/CW66-203-2001.pdf